000 00539nam a2200229 a 4500
001 nice12345678
003 IN_TiNIC
005 20260116012505.0
008 050524s1969 kana grp 000 0 eng
020 _a
_c100
082 0 0 _a330
_bBHA
100 _aBhatnagar, K P
245 _aHistory of Economic Thought.
260 _aKanpur
_bKishore Publishing House
_c1969
300 _a483p
500 _aincludes index and biblioraphy
505 2 _aIndex
650 _aEconomics
902 _bSRS
942 _cBK
999 _c7210
_d7210